地下鉄の定期行先 - Statistics

General Stats
  • This quiz has been taken 37 times
    32 since last reset
  • The average score is 141 of 237
Answer Stats
Answer % Correct
我孫子
88%
池袋
88%
上野
88%
押上
88%
中野
88%
荻窪
85%
北千住
85%
渋谷
85%
新宿
85%
西高島平
85%
日吉
85%
目黒
85%
元町・中華街
85%
赤羽岩淵
81%
浅草
81%
浦和美園
81%
新木場
81%
泉岳寺
81%
成田空港
81%
西船橋
81%
西馬込
81%
光が丘
81%
方南町
81%
和光市
81%
綾瀬
77%
中央林間
77%
東葉勝田台
77%
中目黒
77%
中百舌鳥
77%
博多
77%
橋本
77%
横浜
77%
代々木上原
77%
印旛日本医大
73%
海老名
73%
73%
北綾瀬
73%
久喜
73%
湘南台
73%
新さっぽろ
73%
新横浜
73%
森林公園
73%
都庁前
73%
西梅田
73%
福岡空港
73%
松戸
73%
三崎口
73%
三鷹
73%
箕面萱野
73%
伊勢原
69%
小川町
69%
学研奈良登美ヶ丘
69%
金沢文庫
69%
唐木田
69%
北千里
69%
清澄白河
69%
清瀬
69%
京成高砂
69%
小手指
69%
白金高輪
69%
新大阪
69%
住之江公園
69%
高島平
69%
天神橋筋六丁目
69%
東武動物公園
69%
東陽町
69%
所沢
69%
取手
69%
長田
69%
中野坂上
69%
名古屋港
69%
野田阪神
69%
飯能
69%
南栗橋
69%
元住吉
69%
八木山動物公園
69%
夢洲
69%
赤池
65%
あざみ野
65%
生駒
65%
泉中央
65%
犬山
65%
江坂
65%
上小田井
65%
川越市
65%
京都河原町
65%
京成成田
65%
コスモスクエア
65%
石神井公園
65%
新宿三丁目
65%
大正
65%
高槻市
65%
富沢
65%
豊田市
65%
中津
65%
藤が丘
65%
本厚木
65%
妙典
65%
向ヶ丘遊園
65%
八尾南
65%
青砥
62%
荒井
62%
印西牧の原
62%
大曽根
62%
貝塚
62%
門真南
62%
北加賀屋
62%
相模大野
62%
鷺沼
62%
志木
62%
品川
62%
逗子・葉山
62%
成城学園前
62%
西武秩父
62%
竹ノ塚
62%
天王寺
62%
豊洲
62%
中野富士見町
62%
中山
62%
羽田空港第1・第2ターミナル
62%
南千住
62%
武蔵小杉
62%
姪浜
62%
本八幡
62%
淡路
58%
井高野
58%
霞ケ関
58%
北春日部
58%
北越谷
58%
京王多摩センター
58%
京急久里浜
58%
京成佐倉
58%
笹塚
58%
芝山千代田
58%
太閤通
58%
高畑
58%
筑前前原
58%
津田沼
58%
天下茶屋
58%
徳重
58%
中洲川端
58%
長津田
58%
西唐津
58%
西谷
58%
保谷
58%
真駒内
58%
南巽
58%
森ノ宮
58%
今里
54%
岩倉
54%
浦賀
54%
恵比寿
54%
神奈川新町
54%
金山
54%
上飯田
54%
唐津
54%
近鉄奈良
54%
国際会館
54%
栄町
54%
新田辺
54%
大日
54%
竹田
54%
福住
54%
平安通
54%
宮の沢
54%
茗荷谷
54%
大和
54%
茨木市
50%
太秦天神川
50%
王子神谷
50%
大島
50%
奥沢
50%
菊名
50%
小牧
50%
駒込
50%
三宮・花時計前
50%
正雀
50%
新金岡
50%
新神戸
50%
水天宮前
50%
草加
50%
西新
50%
箱根湯本
50%
鳩ヶ谷
50%
びわ湖浜大津
50%
明治神宮前
50%
青山一丁目
46%
麻生
46%
上永谷
46%
喜連瓜破
46%
九段下
46%
西神中央
46%
谷上
46%
新羽
46%
広尾
46%
文の里
46%
三浦海岸
46%
六地蔵
46%
浅草橋
42%
市ケ谷
42%
踊場
42%
片瀬江ノ島
42%
上大岡
42%
新長田
42%
センター北
42%
永田町
42%
瑞江
42%
六本木
42%
麻布十番
38%
岩本町
38%
筑前深江
38%
扶桑
38%
星ヶ丘
38%
都島
38%
八事
38%
自衛隊前
35%
宗吾参道
35%
横堤
35%
若葉台
35%
新瑞橋
31%
京都市役所前
31%
汐留
31%
ナゴヤドーム前矢田
31%
半蔵門
31%
名谷
31%
岩塚
27%
浄心
27%
名古屋大学
27%
野並
27%
瑞穂運動場東
27%
今池
23%
清水
23%
中ふ頭
23%
御崎公園
15%
新御徒町
12%
No matching quizzes found
Score Distribution
Percent of People with Each Score
Percentile by Number Answered
Your Score History
You have not taken this quiz since the last reset